The War for China’s Wallet Profiting from the New World Order

Na minha lista:
Detalhes bibliográficos
Autor principal: Rein, Shaun
Formato: Livro
Idioma:inglês
Publicado em: [Boston] Walter de Gruyter 2018
Assuntos:
Tags: Adicionar Tag
Sem tags, seja o primeiro a adicionar uma tag!

MARC

LEADER 00000nam a2200000 4500
001 0296886
005 20240416113829.3
020 |a 978-1-5015-1594-1 
041 0 |a eng 
044 |a US 
245 1 0 |a The War for China’s Wallet  |b Profiting from the New World Order  |c Shaun Rein 
264 1 |a [Boston]  |b Walter de Gruyter  |c 2018 
300 |a 185 s. 
610 2 0 |a politika hospodárska medzinárodná 
610 2 0 |a vzťahy hospodárske medzinárodné 
610 2 0 |a obchod zahraničný 
610 2 0 |a obchod medzinárodný 
610 2 0 |a rozvoj hospodársky 
610 2 0 |a investície zahraničné 
610 2 0 |a správanie spotrebiteľa 
610 2 0 |a migrácia 
610 2 0 |a ruch cestovný medzinárodný 
610 2 0 |a Čína 
610 2 0 |a USA 
100 1 |a Rein, Shaun